书目信息 |
| 题名: |
中学哲学课的自然科学论证
|
|
| 作者: | 胡绳生 著 | |
| 分册: | ||
| 出版信息: | 北京 教育科学出版社 1984 |
|
| 页数: | 473页 | |
| 开本: | 21cm | |
| 丛书名: | ||
| 单 册: | ||
| 中图分类: | G634.21 , B02 | |
| 科图分类: | ||
| 主题词: | 哲学--中学--教学参考资料 , 辩证唯物主义 | |
| 电子资源: | ||
| ISBN: | ||
| 000 | 00663nam0 2200241 45 | |
| 001 | 1537816149 | |
| 005 | 20150128075402.96 | |
| 010 | @dCNY1.80 | |
| 091 | @aCN@b7323.192 | |
| 100 | @a19950614d1984 em y0chiy0121 ea | |
| 101 | 0 | @achi |
| 102 | @aCN@b110000 | |
| 105 | @ay j 000yy | |
| 200 | 10 | @a中学哲学课的自然科学论证@Azhong xue zhe xue ke de zi ran ke xue lun zheng@f胡绳生著 |
| 210 | @a北京@c教育科学出版社@d1984 | |
| 215 | @a473页@d21cm | |
| 606 | @a哲学@x中学@x教学参考资料 | |
| 606 | 0 | @a辩证唯物主义 |
| 690 | @aG634.21@v3 | |
| 690 | @aB02@v4 | |
| 701 | 0 | @a胡绳生@Ahu sheng sheng@4著 |
| 801 | 0 | @aCN@bTSSF@c20150128 |
| 905 | @aZUCC@dB02@eJY72 | |
| 中学哲学课的自然科学论证/胡绳生著.-北京:教育科学出版社,1984 |
| 473页;21cm |
| ISBN :CNY1.80 |
| ● |
| 相关链接 |
|
|
|
|
正题名:中学哲学课的自然科学论证
索取号:B02/JY72
 
预约/预借
| 序号 | 登录号 | 条形码 | 馆藏地/架位号 | 状态 | 备注 |
| 1 | 7856662 | 278566623 | 学院路分馆/ [索取号:B02/JY72] | 在馆 |